LDR 00924nam a2200229 i 4500 001 000000000567 003 CaOOAMICUS 005 20180830125433.0 008 180830s1899 it u000 u ita u 040 $aSeMil$bita 100 1 $aPaglia, Francesco.$0(OLS)http://semarc/name/409 245 10$aBrevis theologiae speculativae cursus /$cauctore Francisco Paglia. 250 $aEd. altera. 260 $aAugustae Taurinorum :$bEx Officina salesiana,$c1899-1904. 300 $a4 v. ;$c23 c,. 650 4$aTeologia dogmatica.$0(OLS)http://semarc/subject/68 774 0 $tDe vera religione.$g1$w()61910 774 0 $tDe Deo redemptore.$g4$w()220088 774 0 $tLocis theologicis.$g2$w()220089 774 0 $tDe Deo uno, trino et creatore.$g3$w()220090 996 $6245$aBrevis theologiae speculativae cursus$9(OLS)http://semarc/title/784 996 $6260$aAugustae Taurinorum :$bEx Officina salesiana$9(OLS)http://semarc/publisher/29903